| 000 | 02407nam a22002177a 4500 | ||
|---|---|---|---|
| 008 | 251002b |||||||| |||| 00| 0 eng d | ||
| 020 | _a9781398620469 | ||
| 040 | _ctbs | ||
| 041 | _aeng | ||
| 050 | _aHF5429 | ||
| 100 |
_aHardcastle, Kate _925979 _eauthor |
||
| 245 |
_aThe science of shopping _b: how psychology and innovation create a winning retail strategy _c/ Kate Hardcastle. |
||
| 300 |
_ax, 264 pages _billustrations, charts (black and white) ; _c24 cm. |
||
| 505 | _aMachine generated contents note: Chapter - 01: The evolution of retail: From high-street store to online marketplace Chapter - 02: The psychology of shopping Chapter - 03: Mastering the digital landscape of e-commerce Chapter - 04: Redefining retail in the age of technology Chapter - 05: Retail spaces, evolving places Chapter - 06: Roll up, roll up! This is retail theatre Chapter - 07: The art of shopping perception Chapter - 08: Goldilocks and the pricing strategy: Finding a price point that's just right Chapter - 09: Mastering promotional strategies to boost sales Chapter - 10: It's time for you to check out... Chapter - 11: Conclusion | ||
| 520 | _a"In the ever-evolving landscape of retail, understanding the science behind modern shopping habits - both online and offline - has become crucial for success. In this book, global consumer expert and multi-award-winning business consultant Kate Hardcastle delivers a blueprint for the future of retail, exploring the psychological, technological and strategic elements that shape today's retail environment and providing unparalleled insights from some of the world's leading brands such as Erewhon, Selfridges, Aldi and Primark. Exploring every aspect of the consumer decision-making journey, The Science of Shopping includes content on how emotions, perceptions and social factors can drive consumer behaviour as well how to use AI to personalize the shopping experience and the different tricks and tips retailers can use to engage and entice customers. Learn how to find the perfect price point, how to create cohesive shopping environments across all platforms and how you can create immersive experiences that resonate with customers with this practical and insightful guide. | ||
| 650 | 0 |
_aRetail trade _96285 |
|
| 650 | 0 |
_aConsumer behavior _9997 |
|
| 650 | 0 |
_aCustomer relations _xTechnological innovations _91866 |
|
| 650 | 0 |
_aShopping _928 |
|
| 942 | _2lcc | ||
| 999 |
_c4996 _d4996 |
||